Calidad microbiológica de camarones crudos congelados obtenidos en puntos de distribución ubicados en el mercado de Bazurto de la ciudad de Cartagena / (Registro nro. 3095)
[ vista simple ]
| 000 -LEADER | |
|---|---|
| fixed length control field | 01646nam a2200253 4500 |
| 005 - DATE AND TIME OF LATEST TRANSACTION | |
| control field | 20250329165417.0 |
| 007 - PHYSICAL DESCRIPTION FIXED FIELD--GENERAL INFORMATION | |
| fixed length control field | ta |
| 008 - FIXED-LENGTH DATA ELEMENTS--GENERAL INFORMATION | |
| fixed length control field | 180709s2023 000 0 eng d |
| 040 ## - CATALOGING SOURCE | |
| Original cataloging agency | CO-CtgCURN |
| Language of cataloging | spa |
| Transcribing agency | coctgcurn |
| 082 0# - DEWEY DECIMAL CLASSIFICATION NUMBER | |
| Classification number | BAC 2023 |
| Item number | G633 |
| 100 1# - MAIN ENTRY--PERSONAL NAME | |
| Personal name | Gomez Ayola, Jeiner de Jesus. |
| 245 10 - TITLE STATEMENT | |
| Title | Calidad microbiológica de camarones crudos congelados obtenidos en puntos de distribución ubicados en el mercado de Bazurto de la ciudad de Cartagena / |
| Statement of responsibility, etc. | Jeiner de Jesus Gomez Ayola; Camilo Andrés Navarro Ospino; director: Marlon Gustavo Munera Gomez. |
| 260 ## - PUBLICATION, DISTRIBUTION, ETC. | |
| Date of publication, distribution, etc. | 2023. |
| 260 #1 - PUBLICATION, DISTRIBUTION, ETC. | |
| Place of publication, distribution, etc. | Cartagena de Indias : : |
| Name of publisher, distributor, etc. | Corporación Universitaria Rafael Nuñez,, |
| Date of publication, distribution, etc. | 2023. |
| 300 ## - PHYSICAL DESCRIPTION | |
| Extent | 33 hojas. |
| 504 ## - BIBLIOGRAPHY, ETC. NOTE | |
| Bibliography, etc. note | Trabajo de grado (Bacteriologia). Corporación Universitaria Rafael Nuñez. Facultad de Ciencias de la salud. Bacteriologia, 2023. |
| 520 ## - SUMMARY, ETC. | |
| Summary, etc. | "Esta investigación se llevó a cabo con el propósito de determinar la calidad microbiológica de los camarones crudos que se encuentran a la venta en el mercado de Bazurto, una zona de gran relevancia en la ciudad de Cartagena de Indias. La elección de este tema surge de una serie de factores clave que merecen ser considerados." |
| 650 14 - SUBJECT ADDED ENTRY--TOPICAL TERM | |
| Topical term or geographic name entry element | Bacteriologia |
| Form subdivision | Tesis y disertaciones academicas. |
| 700 1# - ADDED ENTRY--PERSONAL NAME | |
| Personal name | Navarro Ospino, Camilo Andrés. |
| 700 1# - ADDED ENTRY--PERSONAL NAME | |
| Personal name | Munera Gómez, Marlon Gustavo, |
| Relator term | director. |
| 856 ## - ELECTRONIC LOCATION AND ACCESS | |
| Uniform Resource Identifier | <a href="https://unicurn.sharepoint.com/:b:/s/biblioteca/EeqlxNKNOlpJprPA_-5Q8u0Bt8SPV6SvsCi90Rcenf2TiQ?e=piAZcU">https://unicurn.sharepoint.com/:b:/s/biblioteca/EeqlxNKNOlpJprPA_-5Q8u0Bt8SPV6SvsCi90Rcenf2TiQ?e=piAZcU</a> |
| Public note | Click aqui para ver el recurso en texto completo |
| 942 ## - ADDED ENTRY ELEMENTS (KOHA) | |
| Source of classification or shelving scheme | Dewey Decimal Classification |
| Koha item type | Trabajos de grado |
| Classification part | BAC 2023 |
| Item part | G633 |
| Withdrawn status | Lost status | Source of classification or shelving scheme | Damaged status | Not for loan | Home library | Current library | Shelving location | Date acquired | Source of acquisition | Cost, normal purchase price | Total checkouts | Full call number | Barcode | Date last seen | Copy number | Price effective from | Koha item type |
|---|---|---|---|---|---|---|---|---|---|---|---|---|---|---|---|---|---|
| Dewey Decimal Classification | Miguel Henríquez Emiliani | Miguel Henríquez Emiliani | Trabajo de grado | 03/29/2025 | El autor | 350000.00 | BAC 2023 G633 | 025009 | 05/20/2023 | 1 | 05/20/2023 | Trabajos de grado |